| 000 | 01671cab a2200445 4500 | ||
|---|---|---|---|
| 001 | ABS46422 | ||
| 008 | 090401t1992 xxu||||| |||| 00| 0 eng d | ||
| 035 | _a(Sirsi) u58144 | ||
| 041 | _aeng | ||
| 100 | _aWilliams, D. | ||
| 245 | _aResidential tenancies - 1991 update | ||
| 260 | _c1992 | ||
| 350 | _a0 | ||
| 490 |
_aEstates Gazette _v(9219) 16 May 1992, 134-139(4) |
||
| 520 | _aLandlord and tenant conflict continues as a source of litigation, the significant cases from which, in 1991, are highlighted here and new developments summarised. | ||
| 650 | _aBROMLEY PARK GARDEN ESTATES V GEORGE | ||
| 650 | _aBTE LTD V MERSEYSIDE & CHESHIRE RENT ASSESSMENT COMMITTEE | ||
| 650 | _aCOMPANY LETS | ||
| 650 | _aDYMOND V ARUNDEL-TIMMS | ||
| 650 | _aETON COLLEGE V NASSAR | ||
| 650 | _aHEDGEDALE LTD V HARDS | ||
| 650 | _aHENRY SMITHS CHARITY TRUSTEES V BARTOSIAK-JENTYS | ||
| 650 | _aKAYE V MASSBETTER LTD | ||
| 650 | _aKILLICK V ROBERTS | ||
| 650 | _aLEASEHOLD REFORM ACT 1967 | ||
| 650 | _aLEWIS-GRAHAM V CONACHER | ||
| 650 | _aMAYHEW V FREE GRAMMAR SCHOOL OF JOHN LYON | ||
| 650 | _aPALMER V MCNAMARA | ||
| 650 | _aPOTSOS V THEODOTOU | ||
| 650 | _aR V HAMMERSMITH AND FULHAM LBC EX PARTE OSULLIVAN | ||
| 650 | _aRENT ACT 1977 | ||
| 650 | _aPROPERTY-RESIDENTIAL PROPERTY-RESIDENTIAL LANDLORD AND TENANT-RESIDENTIAL TENANCIES | ||
| 650 | _aSNIPPER V ENEVER FREEMAN & CO | ||
| 650 | _aSPRINGFIELD INVESTMENTS LTD V BELL | ||
| 650 | _aTELEVANTOS V MCCULLOCH | ||
| 650 | _aWOODRUFF V HAMBRO | ||
| 690 | _aPROPERTY-RESIDENTIAL PROPERTY-RESIDENTIAL LANDLORD AND TENANT-RESIDENTIAL TENANCIES | ||
| 942 | _n0 | ||
| 948 | _c04/03/1997 | ||
| 999 |
_c35469 _d35469 |
||